'ing' movies II Quiz Stats

Quiz Updated Dec 28, 2012

Also try: 'ing' Movies
Challenge
Share
Tweet
Embed
Score 0/20 Timer 05:00
0 Plays Today
Movie % Correct
... John MalkovichBeing John Malkovich
92.8%
... with SharksSwimming with Sharks
87.9%
... Sarah MarshallForgetting Sarah Marshall
82.8%
... and EnteringBreaking and Entering
80.9%
... to AmericaComing to America
79.6%
... and ScreamingKicking and Screaming
78.4%
... for KeepsPlaying for Keeps
78.1%
... ScaredRunning Scared
75.6%
... for ColumbineBowling for Columbine
73.8%
... for Bobby FischerSearching for Bobby Fischer
71%
Movie % Correct
... Down the HouseBringing Down the House
69.4%
... ForresterFinding Forrester
67.6%
... DayTraining Day
49.4%
... for SupermanWaiting for Superman
40.7%
... BeautySleeping Beauty
38.3%
... StripesRacing Stripes
33.2%
... TinPushing Tin
30.6%
... DownFalling Down
29.3%
... HelenaBoxing Helena
20.1%
... Your LifeDefending Your Life
10.5%

You're not logged in!

Compare scores with friends on all Sporcle quizzes.
Sign Up with Email
OR
Log In

You Might Also Like...

Show Comments

Extras

Top Quizzes Today


Score Distribution

Your Account Isn't Verified!

In order to create a playlist on Sporcle, you need to verify the email address you used during registration. Go to your Sporcle Settings to finish the process.